Gaming Quiz

Random Gaming or Board Games Quiz

Board Games Venn Diagram Quiz Stats

 Plays Quiz Updated Nov 23, 2018

Score 0/8 Timer 03:00
5 Plays Today
% Correct
Scrabble
90.2%
Yahtzee
81.5%
Chess
77.5%
Clue(do)
71.7%
Parcheesi
67%
Catan
66.2%
Ticket to Ride
65.1%
Sorry!
48.3%

You're not logged in!

Compare scores with friends on all Sporcle quizzes.
OR
Log In

Show Comments

Extras

Top Quizzes Today


Score Distribution

Your Account Isn't Verified!

In order to create a playlist on Sporcle, you need to verify the email address you used during registration. Go to your Sporcle Settings to finish the process.

Report this User

Report this user for behavior that violates our Community Guidelines.

Details: